000 01561nam a2200373 4500
001 2311225
003 IlBcCP
005 20251021110749.0
008 251021s2023 nyua 000 1 eng
020 _a1536477834
020 _a9780593378472
020 _a9781536477832
040 _cIlBcCP
082 1 4 _a741.5
_223
100 1 _aLloyd, Megan Wagner.
_96415032
245 1 0 _aSuper Pancake, vol. 1 /
_cMegan Wagner Lloyd ; illustrated by Abhi Alwar.
250 _aFirst edition.
260 _aNew York, NY :
_bAlfred A. Knopf,
_c2023.
300 _a169 p. :
_bchiefly col. ill. ;
_c21 cm
490 1 _aSuper Pancake ;
_v1
500 _a"This is a Borzoi book published by Alfred A. Knopf"--Title page verso.
520 _aIt's a bird! It's a plane! It's a ... pancake? Here is a delightfully clever and endearingly funny graphic novel about a pancake named Peggy, who accidentally develops superhero abilities and must defend her home of Breakfast Town.
521 2 _a1234
_bLibraria.
521 8 _aGN 530
_bLexile.
521 8 _aR
_bFountas and Pinnell.
526 8 _aAccelerated Reader AR
_bMG
_c2.6
_d0.5
_z551682.
650 7 _aAbility
_2sears
_vComic books, strips, etc.
_96356290
650 7 _aFriendship
_2sears
_vComic books, strips, etc.
_95688309
650 7 _aPancakes, waffles, etc
_2sears
_vComic books, strips, etc.
_96553913
650 7 _aSuperheroes
_2sears
_vComic books, strips, etc.
_95680220
700 1 _aAlwar, Abhi,
_eill.
_96424918
800 1 _aLloyd, Megan Wagner.
_tSuper Pancake ;
_v1.
_96553914
949 _h741.5
_iLlo
_917.95
999 _c412658
_d412658